|
|
|
|
| LEADER |
01948nam a2200337 a 4500 |
| 001 |
GR-MES12935 |
| 008 |
070831s enk 000 0 gre d |
| 020 |
|
|
|a 0727732641
|
| 040 |
|
|
|a GrPaTEI
|b gre
|c GR-PaULI
|
| 040 |
|
|
|a GrPaTEI
|b gre
|c GR-PaULI
|
| 082 |
|
0 |
|a 624.1
|2 21
|
| 245 |
0 |
0 |
|a Advances in geotechnical engineering :
|b The Skempton conference: Proceedings of a three day conference on advances in geotechnical engineering, organised by the Institution of civil engineers and held at the Royal Geographical Society, London, UK, on 29-31 March 2004 ; Edited by:.R. J. Jardine, D.M. Potts, K. G. Higgins.
|
| 260 |
|
|
|a London :
|b Thomas Telford,
|c 2004
|
| 300 |
|
|
|a 2 τ. :
|b εικ., χάρτες ;
|c 24εκ.
|
| 500 |
|
|
|a v.3. Supplement.
|
| 650 |
|
4 |
|a Μηχανική, πολιτική
|x Συνέδρια
|
| 653 |
|
|
|a Civil engineering--Congesses
|
| 653 |
|
|
|a Rock mechanics--Congresses
|
| 653 |
|
|
|a Soil mechanics--Congresses
|
| 653 |
|
|
|a Βραχομηχανική--Συνέδρια
|
| 653 |
|
|
|a Εδαφομηχανική--Συνέδρια
|
| 700 |
1 |
|
|a Higgins, K. G.
|
| 700 |
1 |
|
|a Jardine, Richard
|
| 700 |
1 |
|
|a Potts, D. M.
|
| 710 |
2 |
|
|a Institute of civil engineers
|
| 942 |
|
|
|2 ddc
|
| 952 |
|
|
|0 0
|1 0
|2 ddc
|4 0
|6 624_100000000000000_ADV
|7 0
|9 271490
|a MSLG
|b MSLG
|c BSC
|d 2021-01-17
|e 24
|f 0
|g 0.00
|l 0
|o 624.1 ADV
|p 2420000022206
|r 2021-01-17 00:00:00
|t 1
|w 2021-01-17
|y BK15
|x 20070831 0 ΤΣΑΝΤΑΡΛΙΩΤΗ 1
|x GrPaTEI
|
| 952 |
|
|
|0 0
|1 0
|2 ddc
|4 0
|6 624_100000000000000_ADV
|7 0
|9 271491
|a MSLG
|b MSLG
|c BSC
|d 2021-01-17
|e 24
|f 0
|g 0.00
|l 0
|o 624.1 ADV
|p 2420000022207
|r 2021-01-17 00:00:00
|t 1
|w 2021-01-17
|y BK15
|x 20070831 0 ΤΣΑΝΤΑΡΛΙΩΤΗ 1
|x GrPaTEI
|
| 952 |
|
|
|0 0
|1 0
|2 ddc
|4 0
|6 624_100000000000000_ADV
|7 0
|9 271492
|a MSLG
|b MSLG
|c BSC
|d 2021-01-17
|e 24
|f 0
|g 0.00
|l 0
|o 624.1 ADV
|p 2420000022208
|r 2021-01-17 00:00:00
|t 1
|w 2021-01-17
|y BK15
|x 20070831 0 ΤΣΑΝΤΑΡΛΙΩΤΗ 1
|x GrPaTEI
|
| 971 |
|
|
|a .b2578982x
|b 15-04-20
|c 13-09-16
|
| 999 |
|
|
|c 156831
|d 156831
|